书目信息 |
| 题名: |
冠心病防治必读
|
|
| 作者: | 杨玺 编著 | |
| 分册: | ||
| 出版信息: | 上海 上海科学技术文献出版社 2002 |
|
| 页数: | 220页 | |
| 开本: | 19cm | |
| 丛书名: | 健康金钥匙丛书 | |
| 单 册: | ||
| 中图分类: | R541.4 | |
| 科图分类: | ||
| 主题词: | 冠心病--防治--普及读物 | |
| 电子资源: | ||
| ISBN: | 7-5439-1819-6 | |
| 000 | 00839oam2 2200265 45 | |
| 001 | 0900000036274 | |
| 005 | 20060104101339.46 | |
| 010 | @a7-5439-1819-6@dCNY12.00 | |
| 092 | @aCN | |
| 100 | @a20050705d2002 ekmy0chiy0120 ea | |
| 101 | 0 | @achi |
| 102 | @aCN@b310000 | |
| 105 | @ay z 000yy | |
| 200 | 1 | @a冠心病防治必读@9guan xin bing fang zhi bi du@f杨玺编著@Fyang xi bian zhu |
| 210 | @a上海@c上海科学技术文献出版社@d2002 | |
| 215 | @a220页@d19cm | |
| 225 | 2 | @a健康金钥匙丛书 |
| 330 | @a本书主要内容包括:冠心病的发病情况及危害;冠心病的概述;冠心病的危险因素;生活方式与冠心病;正确认识和识别冠心病等。 | |
| 461 | 0 | @12001 @a健康金钥匙丛书 |
| 606 | 0 | @a冠心病@x防治@j普及读物 |
| 690 | @aR541.4@v4 | |
| 701 | 0 | @a杨玺@Ayang xi@4编著 |
| 801 | 0 | @aCN@bCXYBOOK@c20060104 |
| 905 | @a10447@dR541.4@e62 | |
| 999 | @aAFJ@eJDD | |
| 冠心病防治必读/杨玺编著.-上海:上海科学技术文献出版社,2002 |
| 220页;19cm.-(健康金钥匙丛书) |
| ISBN 7-5439-1819-6:CNY12.00 |
| 本书主要内容包括:冠心病的发病情况及危害;冠心病的概述;冠心病的危险因素;生活方式与冠心病;正确认识和识别冠心病等。 |
| ● |
| 相关链接 |
|
|
|
|
正题名:冠心病防治必读
索取号:R541.4/62
 
预约/预借
| 序号 | 登录号 | 条形码 | 馆藏地/架位号 | 状态 | 备注 |
| 1 | 0373511 | 203735119 | 第二样本阅览室/ [索取号:R541.4/62] | 在馆 | |
| 2 | 0373512 | 203735128 | 第三借阅区/ [索取号:R541.4/62] | 在馆 | |
| 3 | 0373513 | 203735137 | 第三借阅区/ [索取号:R541.4/62] | 在馆 | |
| 4 | 0373514 | 203735146 | 第三借阅区/ [索取号:R541.4/62] | 在馆 | |
| 5 | 0373515 | 203735155 | 第三借阅区/ [索取号:R541.4/62] | 在馆 |